=LDR 00000nam 2200000 4500 =001 NUTBA000000000000985 =005 20140407181935.0 =006 =007 =008 =020 ##$$a 978-979-29-1589-1 =035 ##$$a 0010-041400000000255 =040 ##$$a Ind =082 ##$$a 813 =090 ##$$a 813$bSit d =100 ##$$a Situmorang, T sandi =245 ##$$a Dua wajah si cinta buruk rupla$cT Sandi situmorang =250 ##$$a Ed.1 =260 ##$$a Yogyakarta$bAndi$c[Sa]. =300 ##$$a121 Hlm$c20 cm. =850 ##$$a NBPNMAT =990 ##$$a 21101727 =990 ##$$a 93101/BPAP-NTB/2014